Comida y Bebidas Fermentadas - ¡Muerte Súbita! - Estadísticas

Estadísticas generales
  • Esta prueba ha sido intentada 90 veces
  • La puntuación promedio es 6 de 16
Answers on the Grid
Answers color-coded by a green-red scale on the quiz's grid according to % correct below.
Cerveza
Vino
Kéfir
Kombucha
Kvas
Sake
Suero de mantequilla / Buttermilk
Pan de masa madre
Kimchi
Chucrut
Pepinillos
Salami
Nattō
Surströmming
Tempeh
Queso azul
Rábano picante
Jarabe de arce
Anacardos
Leche de cáñamo
Mézclum
Bouquet garni
Pasas de uva
Mortadela
Tofu sedoso
Jujubes
Blåbärssoppa
Mocochinchi
 
Estadísticas de respuestas
Respuesta % Correcto
Cerveza
74%
Vino
62%
Queso azul
54%
Pan de masa madre
51%
Kéfir
46%
Chucrut
44%
Kombucha
44%
Kimchi
41%
Pepinillos
36%
Surströmming
36%
Sake
33%
Suero de mantequilla / Buttermilk
13%
Nattō
10%
Tempeh
10%
Salami
8%
Kvas
5%
No se encontraron pruebas coincidentes
Distribución de puntuación
Porcentaje de gente con cada puntuación
Porcentaje por número respondido
Historial de tus puntuaciones
No has intentado esta prueba.